000 01306nam a22002777a 4500
005 20090121151350.0
008 090121t xxu||||| |||| 00| 0 hin d
010 _aHIN-93835
020 _c200.00
_a9789380044668
035 _aHN-66181
037 _bDBAD /PUB
040 _aDPL
_bHN
082 _a
100 _933818
_aयादव, अनिल
245 _aनगरवधुएँ अख़बार नहीं पढ़तीं /
_cअनिल यादव
_bकहानी-संग्रह /
246 _aNagar vadhuyen akhabaar nahin padhtin
_bby Anil Yadav
260 _aग़ाज़ियाबाद
_bअंतिका प्रकाशन
_c2011
270 _aसी-56/यूजीएफ-IV, शालीमार गार्डन, एक्सटेंशन-11
_bग़ाज़ियाबाद (उ.प्र.)
_e201005
_k0120- 2648212
_mantika56@gmail.com
300 _a112पृ.
_c22सेमी (सजिल्द)
650 _9697
_aलघु कथाएँ, हिन्दी
650 _933922
_aShort Stories, Hindi
700 _933853
700 _934065
942 _2ddc
_cHN
_mयादव
_h
999 _c56160
_d56160